000 00459nam a22001457a 4500
008 170426b xxu||||| |||| 00| 0 eng d
020 _a9716680279
082 _21998
_aDFil 925
_bB32
245 _aThe Filipino scientists/
_cCompiled and edited by A.M. Batubalani.
260 _aTondo, Manila :
_b Loacan Publishing House,
_c c1998.
300 _a74 pages:
_billustrations;
_c20 cm.
650 0 _920292
_aScientists.
365 _b70.00
_cPhp.
942 _2ddc
_cDFIL
999 _c6700
_d6700